000 02185nam a2200241Ia 4500
000 03486naaa 00565uu
001 https://directory.doabooks.org/handle/20.500.12854/30492
008 211013s9999 xx 000 0 und d
042 _adc
100 1 _aSazonov, Vladimir
245 0 _aCultural Crossroads in the Middle East : The Historical, Cultural and Political Legacy of Intercultural Dialogue and Conflict from the Ancient Near East to the Present Day
260 _aTartu
_bUniversity of Tartu Press
_c2019
300 _a1 electronic resource (349 p.)
520 _aThe region of the Middle East has been called the cradle of mankind. This volume studies historical, cultural, religious, social and political legacies, which play a central role in obstructing intercultural dialogue in the Middle East. The region became home to numerous cultures, religions and ethnicities with long experience of living together in a multicultural environment and has an immense impact on the entire human civilization as first human civilizations were born there. Today, more than 50% of world population follow Abrahamic religions (e.g. Christianity, Islam, Judaism), which have their roots in the Middle East. This book focuses on multiple topics related to the Middle East, including ancient history, the religion and mythology of the Ancient Near Eastern regions, Arabic, Persian and Islamic studies, Persian, Turkish and Arab literature, as well as modern Middle Eastern issues related to politics, security, society and the economy. The volume includes papers by Amar Annus, Tanja Dibou, Peeter Espak, Yoel Guzansky, Ingrida Kleinhofa, Jaan Lahe, Lidia Leontjeva, Aynura Mahmudova, Yossi Mann, Kobi Michael, Holger Molder, Limor Nobel-Konig, Ullar Peterson, Itamar Rickover, Vladimir Sazonov and Krzyztof Ulanowski.
540 _aCreative Commons
653 _aMiddle Eastern history
700 1 _aMolder, Holger
856 _uhttps://library.oapen.org/bitstream/20.500.12657/23672/1/978-9949-03-176-4.pdf
856 _uhttps://library.oapen.org/bitstream/20.500.12657/23672/1/978-9949-03-176-4.pdf
856 _uwww.oapen.org
942 _cE-BOOK
999 _c46069
_d46069